000 00755nam a2200253 i 4500
001 C2-0325488
003 PPAK
005 20180728123521.0
008 140210s2012 nyu |||| ||||| | eng d
020 _a9780062024411
040 _aPPAK
_beng
_cPPAK
_erda
082 0 4 _a616.85225
_223
090 0 0 _a616.85225
_bBEN
_dG
100 1 _aBenincasa, Sara,
_eauthor
245 1 0 _aAgorafabulous! :
_bdispatches from my bedroom
250 _a1st ed.
264 1 _aNew York :
_bWilliam Morrow ,
_c2012
300 _axii, 255 pages ;
_c22 cm
336 _2rdacontent
_atext
337 _2rdamedia
_aunmediated
338 _2rdacarrier
_avolume
650 1 0 _aBenincasa, Sara - Health. ; Agoraphobia - Patients - United States - Biography.
942 _ddc
_cB
999 _c125197
_d125197